<?xml version="1.0" encoding="UTF-8"?>
<collection xmlns="http://www.loc.gov/MARC21/slim">
 <record>
  <leader>     na                 </leader>
  <controlfield tag="001">INLIS000000000003319</controlfield>
  <controlfield tag="005">20221104105339</controlfield>
  <datafield tag="035" ind1=" " ind2=" ">
   <subfield code="a">0010-0520003319</subfield>
  </datafield>
  <controlfield tag="008">221104                |          | eng  </controlfield>
  <datafield tag="020" ind1=" " ind2=" ">
   <subfield code="a">978-0-495-09539-2</subfield>
  </datafield>
  <datafield tag="041" ind1=" " ind2=" ">
   <subfield code="a">eng</subfield>
  </datafield>
  <datafield tag="082" ind1=" " ind2=" ">
   <subfield code="a">345.73</subfield>
  </datafield>
  <datafield tag="084" ind1=" " ind2=" ">
   <subfield code="a">345.73 SAM c</subfield>
  </datafield>
  <datafield tag="100" ind1="0" ind2=" ">
   <subfield code="a">Samaha, Joel</subfield>
  </datafield>
  <datafield tag="245" ind1="1" ind2=" ">
   <subfield code="a">Criminal Law /</subfield>
   <subfield code="c">Joel Samaha</subfield>
  </datafield>
  <datafield tag="250" ind1=" " ind2=" ">
   <subfield code="a">9th Ed.</subfield>
  </datafield>
  <datafield tag="260" ind1=" " ind2=" ">
   <subfield code="a">Belmont :</subfield>
   <subfield code="b">Kluwer Law International,</subfield>
   <subfield code="c">2008</subfield>
  </datafield>
  <datafield tag="300" ind1=" " ind2=" ">
   <subfield code="a">xxi, 497 p. ;</subfield>
   <subfield code="c">26 cm</subfield>
  </datafield>
  <datafield tag="500" ind1=" " ind2=" ">
   <subfield code="a">Indeks : P.483-496</subfield>
  </datafield>
  <datafield tag="504" ind1=" " ind2=" ">
   <subfield code="a">P.475-482</subfield>
  </datafield>
  <datafield tag="520" ind1=" " ind2=" ">
   <subfield code="a">This book continues the interactive approach to learning that lies at the heart of the text/case method. The text explains general principles. Then, the main case excerpts that follow the explanation apply the principles explained in the text to specific facts of a real case. The text/case approach invities students to participate actively in learning. They can agree or disagree with the application made by the court in its opinion, but they have to understand the principles and definitions to apply them. The exploring furtur fature follows some of the case excerpts. This features provides brief synopses of cases that illustrate how courts vary in interprenting and applying the principles of criminal law and the difinitions of crimes involved in the primary case experct. instructors and students have convinced me taht the exploring futrher cases are a valuable tool both in understanding and applying the topics covered in the text.</subfield>
  </datafield>
  <datafield tag="650" ind1=" " ind2="4">
   <subfield code="a">Criminal Law</subfield>
  </datafield>
  <datafield tag="650" ind1=" " ind2="4">
   <subfield code="a">Administrational of Criminal justice</subfield>
  </datafield>
  <datafield tag="990" ind1=" " ind2=" ">
   <subfield code="a">15686/MKRI-P/XII-2009</subfield>
  </datafield>
  <datafield tag="990" ind1=" " ind2=" ">
   <subfield code="a">15685/MKRI-P/XII-2009</subfield>
  </datafield>
  <datafield tag="990" ind1=" " ind2=" ">
   <subfield code="a">09911/MKRI-P/XI-2008</subfield>
  </datafield>
  <datafield tag="990" ind1=" " ind2=" ">
   <subfield code="a">09912/MKRI-P/XI-2008</subfield>
  </datafield>
  <datafield tag="990" ind1=" " ind2=" ">
   <subfield code="a">09911/MKRI-P/XI-2008</subfield>
  </datafield>
  <datafield tag="990" ind1=" " ind2=" ">
   <subfield code="a">15686/MKRI-P/XII-2009</subfield>
  </datafield>
  <datafield tag="990" ind1=" " ind2=" ">
   <subfield code="a">15685/MKRI-P/XII-2009</subfield>
  </datafield>
  <datafield tag="990" ind1=" " ind2=" ">
   <subfield code="a">09912/MKRI-P/XI-2008</subfield>
  </datafield>
  <datafield tag="990" ind1=" " ind2=" ">
   <subfield code="a">09912/MKRI-P/XI-2008</subfield>
  </datafield>
  <datafield tag="990" ind1=" " ind2=" ">
   <subfield code="a">15686/MKRI-P/XII-2009</subfield>
  </datafield>
  <datafield tag="990" ind1=" " ind2=" ">
   <subfield code="a">15685/MKRI-P/XII-2009</subfield>
  </datafield>
  <datafield tag="990" ind1=" " ind2=" ">
   <subfield code="a">09911/MKRI-P/XI-2008</subfield>
  </datafield>
 </record>
</collection>
